000 00414nam a22001697a 4500
005 20250317055110.0
008 250317b |||||||| |||| 00| 0 eng d
020 _a9789352440726
082 _222
_a894
_bAMB
100 _aLakshmi S.C.
245 _aAmbai kathaigal
250 _a2nd
260 _aNagar coil
_bKalachuvadu Publication
_c2017
300 _a943 p .,
500 _a42 year short stories
942 _cL
999 _c5993
_d5993